000 00448nam a2200157Ia 4500
003 OSt
005 20230531095531.0
008 211028s2007 xx 000 0 und d
040 _cAIMIT LIBRARY
041 _aeng
100 _aShelnid, R P; Varkey, Shine P.
_g50971415
_98956
110 _aShine P Varkey
_98957
245 _aComputational sequence analysis of diabetes mellitus candidate genes.
260 _aMangalore
_c2007
942 _2ddc
_cPRO
999 _c220141
_d220141